<?xml version="1.0" encoding="UTF-8"?>
<record
    xmlns:xsi="http://www.w3.org/2001/XMLSchema-instance"
    xsi:schemaLocation="http://www.loc.gov/MARC21/slim http://www.loc.gov/standards/marcxml/schema/MARC21slim.xsd"
    xmlns="http://www.loc.gov/MARC21/slim">

  <leader>00521nam a2200169Ia 4500</leader>
  <controlfield tag="008">140529s9999    xx            000 0 und d</controlfield>
  <datafield tag="020" ind1=" " ind2=" ">
    <subfield code="a">9789710172801</subfield>
  </datafield>
  <datafield tag="050" ind1=" " ind2=" ">
    <subfield code="a">LB 2369</subfield>
    <subfield code="b">.B34 2011</subfield>
  </datafield>
  <datafield tag="100" ind1=" " ind2=" ">
    <subfield code="a">Bago, Adelaida Lacaba.</subfield>
  </datafield>
  <datafield tag="245" ind1=" " ind2=" ">
    <subfield code="a">Thesis&#xA0;writing&#xA0;with&#xA0;confidence&#xA0;/</subfield>
    <subfield code="c">Adelaida Lacaba-Bago</subfield>
  </datafield>
  <datafield tag="260" ind1=" " ind2=" ">
    <subfield code="a">Quezon City, Philippines :</subfield>
    <subfield code="b">C &amp; E Publishing,</subfield>
    <subfield code="c">c2011.</subfield>
  </datafield>
  <datafield tag="300" ind1=" " ind2=" ">
    <subfield code="a">186 p. ;</subfield>
    <subfield code="c">22 cm.</subfield>
  </datafield>
  <datafield tag="500" ind1=" " ind2=" ">
    <subfield code="a">Includes bibliographical references and index.</subfield>
  </datafield>
  <datafield tag="521" ind1=" " ind2=" ">
    <subfield code="a">GE</subfield>
  </datafield>
  <datafield tag="942" ind1=" " ind2=" ">
    <subfield code="k">LOC</subfield>
    <subfield code="c">BK</subfield>
  </datafield>
  <datafield tag="999" ind1=" " ind2=" ">
    <subfield code="c">117747</subfield>
    <subfield code="d">117747</subfield>
  </datafield>
  <datafield tag="952" ind1=" " ind2=" ">
    <subfield code="0">0</subfield>
    <subfield code="1">3</subfield>
    <subfield code="2">lcc</subfield>
    <subfield code="4">0</subfield>
    <subfield code="a">CL</subfield>
    <subfield code="b">SFU</subfield>
    <subfield code="c">FIL</subfield>
    <subfield code="d">2014-05-30</subfield>
    <subfield code="e">Library Fund</subfield>
    <subfield code="l">1</subfield>
    <subfield code="m">5</subfield>
    <subfield code="o">LB 2369 .B34 2011</subfield>
    <subfield code="p">C16807</subfield>
    <subfield code="r">2019-05-06 00:00:00</subfield>
    <subfield code="s">2019-05-06</subfield>
    <subfield code="w">2014-05-30</subfield>
    <subfield code="y">BK</subfield>
    <subfield code="z">LOST and REPLACE book entitled 'Thesis writing with confidence /, by Bago, Adelaida Lacaba. C16807' with the book entitled " research Methods and Thesis Writing 2nd edition by Laurentina Paler-Calmorin</subfield>
  </datafield>
</record>
